000 00767nam a2200277 i 4500
001 C2-0240536
003 PPAK
005 20180727203148.0
008 020727s2000 xxka|||| ||||| | eng d
020 _a0582420512
040 _aPPAK
_beng
_cPPAK
_erda
082 0 4 _a428.6
_223
090 0 0 _a428.6
_bMUR
_dK
100 1 _aMurphy, Margaret,
_eauthor
245 1 0 _aRip Van Winkle and the legend of sleepy hollow
264 1 _aEssex :
_bPearson Education Limited ,
_c2000
300 _aiii, 28 pages :
_bcolour illustrations ;
_c20 cm
336 _2rdacontent
_atext
337 _2rdamedia
_aunmediated
338 _2rdacarrier
_avolume
490 1 _aPenguin readers
650 1 0 _aReaders
700 _eauthor
830 0 _aPenguin readers
942 _ddc
_cB
999 _c55703
_d55703